000 00771nam a22002177a 4500
999 _c94993
_d94993
005 20230630102508.0
010 _aENG-113505 ENG-137220
020 _c425.00
_a9789351480501
020 _c425.00
_a935148050x
035 _aEN-97037 EN-120752
037 _bDBAD/PUB
082 _a269.20954
100 _aVenkateswara Rao, Potana
245 _aWitnessing to students :
_befficacy of UESI in India /
_cby Potana Venkteswara Rao ; foreworded by Atul Y. Aghamkar
260 _aNew Delhi
_bChristian World Imprints
_c2015
270 _aH-12 Bali Nagar
_bNew Delhi
_e110015
300 _a114p.
_c21cm(pbk)
490 _aChristian heritage rediscovered-16
500 _aIncludes bibliographical references and index
942 _2ddc
_cEN
_mVEN
_h269.20954